[Event "K41 Efterars EMT Basis 2 2006"]
[Site "Valby"]
[Date "2006.09.12"]
[Round "1"]
[White "Eiholt, Bjarne"]
[Black "Lichtenberg, Ivan"]
[Result "1-0"]
[WhiteElo "1365"]
[BlackElo "1204"]
[PlyCount "117"]
[EventDate "2006.??.??"]

1. d4 d5 2. c4 c6 3. Nc3 e6 4. Qc2 Nf6 5. cxd5 exd5 6. Bg5 Be7 7. e3 O-O 8. Bd3
h6 9. Bh4 Re8 10. Nge2 Qc7 11. O-O Ng4 12. Bg3 Bd6 13. Bxd6 Qxd6 14. Ng3 Na6
15. a3 Nc7 16. Rae1 Bd7 17. Kh1 Re7 18. h3 Nf6 19. Bf5 Rae8 20. Bxd7 Qxd7 21.
Nf5 Re6 22. f3 Nh5 23. e4 g6 24. Nxh6+ Kg7 25. Ng4 Ng3+ 26. Kg1 Nxf1 27. Rxf1
dxe4 28. Ne2 exf3 29. Ne5 Qe7 30. Rxf3 Rf6 31. Re3 Nd5 32. Re4 Re6 33. Nf4 Nxf4
34. Rxf4 Rf6 35. Rh4 Rd6 36. Qf2 Rf6 37. Qg3 Qd6 38. Qg5 Rh8 39. Rxh8 Kxh8 40.
Qh6+ Kg8 41. Qh4 Kf8 42. Nd7+ Ke7 43. Nxf6 Qxf6 44. Qe4+ Kd6 45. Qd3 Qf4 46.
Qc3 b6 47. Qc4 Qf5 48. b3 Qd5 49. Qb4+ c5 50. dxc5+ Qxc5+ 51. Qxc5+ Kxc5 52.
Kf2 Kd4 53. Ke2 Kc3 54. b4 a5 55. bxa5 bxa5 56. Kd1 Kb3 57. h4 Kxa3 58. Kc1 Kb3
59. g4 1-0

[Event "K41 Efterars EMT Basis 2 2006"]
[Site "Valby"]
[Date "2006.09.12"]
[Round "1"]
[White "Krogh, Soren"]
[Black "Rasmussen, Peter"]
[Result "1-0"]
[WhiteElo "1230"]
[BlackElo "1191"]
[PlyCount "75"]
[EventDate "2006.??.??"]

1. f4 d5 2. Nf3 Nc6 3. g3 Nf6 4. Bg2 e6 5. O-O Bd6 6. b3 e5 7. e3 e4 8. Ng5 h6
9. Nh3 Bg4 10. Qe1 Nb4 11. Na3 a6 12. Bb2 c5 13. c4 Nd3 14. Qb1 Be2 15. Bxf6
Qxf6 16. cxd5 Bxf1 17. Qxf1 Qe7 18. f5 Qe5 19. Nc4 Qf6 20. Nxd6+ Qxd6 21. Bxe4
Ne5 22. Qf4 Qf6 23. Re1 O-O 24. Kh1 Rfe8 25. Rg1 Rad8 26. g4 Nd7 27. g5 Qe5 28.
Qxe5 Rxe5 29. gxh6 Rxe4 30. Rxg7+ Kh8 31. Ng5 Ne5 32. Nxe4 Rg8 33. f6 Rxg7 34.
hxg7+ Kg8 35. d4 cxd4 36. exd4 Nd7 37. Nc5 Nxf6 38. d6 1-0

[Event "K41 Efterars EMT Basis 2 2006"]
[Site "Valby"]
[Date "2006.09.12"]
[Round "1"]
[White "Krull, Carl"]
[Black "Hou, Mads"]
[Result "0-1"]
[WhiteElo "1400"]
[BlackElo "1447"]
[PlyCount "78"]
[EventDate "2006.??.??"]

1. e4 e6 2. d4 d5 3. Nc3 Bb4 4. Bd3 c5 5. Nge2 c4 6. a3 Bxc3+ 7. Nxc3 cxd3 8.
Qxd3 Ne7 9. Bg5 f6 10. Bd2 a6 11. Ne2 O-O 12. h4 Nbc6 13. h5 dxe4 14. Qxe4 f5
15. Qd3 e5 16. h6 g6 17. Bc3 f4 18. dxe5 Qxd3 19. cxd3 Nd5 20. d4 Be6 21. Ng1
Rf5 22. Nf3 b5 23. Bd2 Rc8 24. Rc1 g5 25. Bc3 g4 26. Nd2 Nxd4 27. Kd1 Nxc3+ 28.
bxc3 Nb3 29. Nxb3 Bxb3+ 30. Ke1 Rxe5+ 31. Kf1 Rd8 32. f3 g3 33. Rh4 Bc4+ 34.
Kg1 Rde8 35. Rg4+ Kh8 36. Rf1 Bxf1 37. Rxf4 Re1 38. Re4 R8xe4 39. f4 Bc4# 0-1

[Event "K41 Efterars EMT Basis 2 2006"]
[Site "Valby"]
[Date "2006.09.12"]
[Round "1"]
[White "Mikkelsen, Henning"]
[Black "Gjelstrup, Ole"]
[Result "1-0"]
[WhiteElo "1385"]
[BlackElo "1330"]
[PlyCount "65"]
[EventDate "2006.??.??"]

1. d4 d5 2. e4 dxe4 3. Nc3 Nf6 4. f3 Bf5 5. Bg5 exf3 6. Qxf3 Bxc2 7. Qxb7 Nbd7
8. Nb5 Rc8 9. Bc4 e6 10. Nf3 Bb4+ 11. Kf2 Be7 12. Bf4 Ne4+ 13. Kf1 Nd6 14. Qc6
O-O 15. b3 Be4 16. Qa6 Nxc4 17. bxc4 Bd3+ 18. Kf2 Bxc4 19. Qa4 Nb6 20. Qa5 Bxb5
21. Qxb5 c5 22. Rhd1 cxd4 23. Qh5 Qd5 24. Qg4 Bf6 25. h4 Rc2+ 26. Kg3 e5 27.
Bh6 e4 28. Nxd4 Bxd4 29. Bxg7 Rxg2+ 30. Kxg2 e3+ 31. Kh2 Bxg7 32. Rxd5 Nxd5 33.
Rg1 1-0

[Event "K41 Efterars EMT Basis 2 2006"]
[Site "Valby"]
[Date "2006.09.19"]
[Round "2"]
[White "Gjelstrup, Ole"]
[Black "Krull, Carl"]
[Result "1-0"]
[WhiteElo "1330"]
[BlackElo "1400"]
[PlyCount "163"]
[EventDate "2006.??.??"]

1. d4 Nf6 2. Nf3 e6 3. e3 c5 4. Nbd2 Nc6 5. Bd3 d5 6. c3 c4 7. Bc2 b5 8. O-O
Bb7 9. Qe2 Qc7 10. e4 dxe4 11. Nxe4 Nd5 12. Bd2 Be7 13. Rfe1 Nb8 14. Neg5 Nf4
15. Bxf4 Qxf4 16. Qe5 Qxe5 17. Rxe5 f6 18. Rxe6 fxg5 19. Rae1 O-O 20. Rxe7 Bxf3
21. gxf3 Nc6 22. Be4 Nxe7 23. Bxa8 Kf7 24. Be4 Re8 25. Kg2 g6 26. Re3 Rd8 27.
Kg3 h6 28. Kg4 Kf6 29. f4 h5+ 30. Kf3 g4+ 31. Ke2 a6 32. Bb7 Rd6 33. Re5 Rb6
34. Bg2 Nf5 35. Be4 Ne7 36. f3 gxf3+ 37. Kxf3 a5 38. Ke3 Nc8 39. d5 b4 40. Re6+
Rxe6 41. dxe6 Kxe6 42. Bxg6 h4 43. Kd4 Nd6 44. Kc5 bxc3 45. bxc3 a4 46. Bh7 Nf5
47. Bxf5+ Kxf5 48. Kxc4 Kxf4 49. Kd4 Kf3 50. c4 Kg2 51. c5 Kxh2 52. c6 h3 53.
c7 Kg1 54. c8=Q h2 55. Qc1+ Kg2 56. Qd2+ Kg1 57. Qxh2+ Kxh2 58. Kc4 Kg3 59. Kb4
Kf4 60. Kxa4 Ke5 61. Kb5 Kd6 62. Kb6 Kd7 63. Kb7 Kd6 64. a4 Kc5 65. a5 Kb5 66.
a6 Kc5 67. a7 Kd5 68. a8=Q Ke4 69. Qa5 Kd4 70. Kc6 Ke4 71. Qd5+ Ke3 72. Kc5 Kf4
73. Kd4 Kg3 74. Ke3 Kg4 75. Qe5 Kh3 76. Qf5+ Kh4 77. Qf4+ Kh3 78. Ke2 Kg2 79.
Qf3+ Kh2 80. Qg4 Kh1 81. Kf2 Kh2 82. Qh4# 1-0

[Event "K41 Efterars EMT Basis 2 2006"]
[Site "Valby"]
[Date "2006.09.19"]
[Round "2"]
[White "Hou, Mads"]
[Black "Eiholt, Bjarne"]
[Result "1-0"]
[WhiteElo "1447"]
[BlackElo "1365"]
[PlyCount "109"]
[EventDate "2006.??.??"]

1. e4 c6 2. Be2 d5 3. d4 dxe4 4. f3 e5 5. dxe5 Qxd1+ 6. Bxd1 Bf5 7. f4 Bc5 8.
Nc3 Nh6 9. h3 Be7 10. Nge2 Nd7 11. Be3 Nc5 12. O-O Be6 13. g4 f5 14. exf6 Bxf6
15. Bxc5 b6 16. Be3 O-O-O 17. f5 Bc4 18. Re1 Nf7 19. Nf4 Bh4 20. Bf2 Bxf2+ 21.
Kxf2 Rd2+ 22. Ke3 Rhd8 23. Nxe4 R2d7 24. b3 Bd5 25. Nxd5 Rxd5 26. Bf3 Ne5 27.
Be2 Re8 28. Rad1 Nf7 29. Bd3 Ne5 30. Kf2 Nf7 31. Nc3 Rde5 32. Rxe5 Nxe5 33. Re1
Kc7 34. Kg3 Kd7 35. Rd1 Kc7 36. Ne4 Nxd3 37. cxd3 Re5 38. Kf4 Rd5 39. h4 Ra5
40. Rd2 Rd5 41. g5 c5 42. h5 b5 43. h6 gxh6 44. gxh6 c4 45. dxc4 Rxd2 46. Nxd2
Kd6 47. Ne4+ Ke7 48. c5 a5 49. Ke5 a4 50. bxa4 bxa4 51. f6+ Kf7 52. c6 a3 53.
c7 Kg6 54. c8=Q Kh5 55. f7 1-0

[Event "K41 Efterars EMT Basis 2 2006"]
[Site "Valby"]
[Date "2006.09.19"]
[Round "2"]
[White "Krogh, Soren"]
[Black "Mikkelsen, Henning"]
[Result "1/2-1/2"]
[WhiteElo "1230"]
[BlackElo "1385"]
[PlyCount "48"]
[EventDate "2006.??.??"]

1. Nf3 Nf6 2. c4 e6 3. Nc3 Bb4 4. d4 b6 5. e3 Bb7 6. Bd3 d5 7. O-O O-O 8. Qc2
dxc4 9. Bxc4 Nbd7 10. Rd1 Rc8 11. a3 Bd6 12. Qe2 c5 13. d5 exd5 14. Nxd5 Ne4
15. Bd2 Ndf6 16. Bc3 Nxc3 17. Nxc3 a6 18. Rd2 Qc7 19. g3 Rfe8 20. Rad1 Rcd8 21.
Ng5 Re7 22. Qf1 h6 23. Nh3 Qc6 24. Bd5 Nxd5 1/2-1/2

[Event "K41 Efterars EMT Basis 2 2006"]
[Site "Valby"]
[Date "2006.09.19"]
[Round "2"]
[White "Rasmussen, Peter"]
[Black "Lichtenberg, Ivan"]
[Result "0-1"]
[WhiteElo "1191"]
[BlackElo "1204"]
[PlyCount "44"]
[EventDate "2006.??.??"]

1. e4 c5 2. Nf3 Nc6 3. d4 cxd4 4. Nxd4 d6 5. Nc3 Bd7 6. Be3 e6 7. Be2 Be7 8.
O-O Nf6 9. f4 O-O 10. Nxc6 Bxc6 11. e5 dxe5 12. fxe5 Nd7 13. a4 Nxe5 14. Qxd8
Raxd8 15. Rfd1 a6 16. Bb6 Rc8 17. b3 Bxg2 18. Kxg2 Rxc3 19. Ra2 Rfc8 20. Kf1
Rxc2 21. Rxc2 Rxc2 22. Bd8 Kf8 0-1

[Event "K41 Efterars EMT Basis 2 2006"]
[Site "Valby"]
[Date "2006.09.26"]
[Round "3"]
[White "Eiholt, Bjarne"]
[Black "Gjelstrup, Ole"]
[Result "1-0"]
[WhiteElo "1365"]
[BlackElo "1330"]
[PlyCount "75"]
[EventDate "2006.??.??"]

1. d4 d5 2. c4 e6 3. Nc3 Nf6 4. cxd5 exd5 5. Bg5 Be7 6. e3 O-O 7. Bd3 b6 8.
Nge2 Bb7 9. O-O Nbd7 10. Qc2 Rc8 11. Rae1 Ne4 12. Bxe7 Qxe7 13. Nf4 Ndf6 14. f3
Nxc3 15. bxc3 c5 16. Qf2 Rfe8 17. Kh1 h6 18. Bb5 Bc6 19. Bxc6 Rxc6 20. Nd3 cxd4
21. cxd4 Re6 22. Ne5 Nd7 23. e4 Nxe5 24. dxe5 Rxe5 25. h3 f5 26. Qd4 dxe4 27.
fxe4 fxe4 28. Qc4+ Qe6 29. Qc7 Qxa2 30. Ra1 Qd5 31. Rad1 Qe6 32. Rd6 Qc8 33.
Qf7+ Kh7 34. Rff6 Qc1+ 35. Kh2 R5e7 36. Qg6+ Kh8 37. Rf7 Qc7 38. Qxg7# 1-0

[Event "K41 Efterars EMT Basis 2 2006"]
[Site "Valby"]
[Date "2006.09.26"]
[Round "3"]
[White "Krull, Carl"]
[Black "Krogh, Soren"]
[Result "1-0"]
[WhiteElo "1400"]
[BlackElo "1230"]
[PlyCount "93"]
[EventDate "2006.??.??"]

1. e4 c6 2. d4 d5 3. exd5 cxd5 4. Nf3 Nf6 5. Bg5 Nc6 6. c3 Bf5 7. Nbd2 e6 8.
Bb5 Bd6 9. Ne5 Rc8 10. h3 a6 11. Ba4 b5 12. Nxc6 Rxc6 13. Bc2 Bg6 14. Nf3 O-O
15. Ne5 Rc7 16. Ng4 b4 17. Nxf6+ gxf6 18. Bh6 Re8 19. Ba4 bxc3 20. bxc3 Ree7
21. Qf3 f5 22. Bg5 Rb7 23. h4 h5 24. O-O a5 25. Rfe1 Qc8 26. Bxe7 Rxe7 27. Rab1
Qc4 28. Bb3 Qc7 29. Bc2 Qa7 30. a4 Qa6 31. Rb5 Rb7 32. Reb1 Rxb5 33. Rxb5 Kf8
34. Qe2 Qa7 35. Qd2 Kg7 36. Bd3 f6 37. Be2 f4 38. Qb2 Qa8 39. Rb7+ Kh6 40. Qb6
Bc2 41. Qc6 Qf8 42. Rd7 Ba3 43. Qxe6 Bg6 44. Qxd5 Qc8 45. Rd8 Qxc3 46. Rh8+ Bh7
47. Qxh5+ 1-0

[Event "K41 Efterars EMT Basis 2 2006"]
[Site "Valby"]
[Date "2006.09.26"]
[Round "3"]
[White "Lichtenberg, Ivan"]
[Black "Hou, Mads"]
[Result "0-1"]
[WhiteElo "1204"]
[BlackElo "1447"]
[PlyCount "70"]
[EventDate "2006.??.??"]

1. e4 f5 2. Nc3 fxe4 3. Nxe4 d5 4. Ng3 e5 5. d3 Nc6 6. Nf3 Bg4 7. h3 Be6 8. Be2
Nf6 9. O-O h6 10. Re1 Bc5 11. Bf1 Qd6 12. a3 a5 13. Be3 d4 14. Bd2 O-O-O 15.
Ne4 Nxe4 16. dxe4 g5 17. Be2 g4 18. hxg4 Bxg4 19. Nh4 h5 20. Bxg4+ hxg4 21.
Qxg4+ Kb8 22. Nf5 Qd7 23. Qe2 Qh7 24. Ng3 Rdg8 25. Qf3 Rf8 26. Qg4 Rhg8 27. Qh5
Qe7 28. Nf5 Qd8 29. b4 Rh8 30. Qe2 d3 31. Qxd3 Nd4 32. bxc5 Rxf5 33. exf5 Qh4
34. Qh3 Nf3+ 35. Kf1 Qc4+ 0-1

[Event "K41 Efterars EMT Basis 2 2006"]
[Site "Valby"]
[Date "2006.10.03"]
[Round "4"]
[White "Krogh, Soren"]
[Black "Eiholt, Bjarne"]
[Result "0-1"]
[WhiteElo "1230"]
[BlackElo "1365"]
[PlyCount "46"]
[EventDate "2006.??.??"]

1. g3 d5 2. Bg2 Nf6 3. Nf3 e6 4. O-O Be7 5. d3 O-O 6. b3 c6 7. Bb2 Qb6 8. Nbd2
a5 9. e4 a4 10. Qe2 Re8 11. Rac1 Na6 12. e5 Nd7 13. h4 a3 14. Bc3 Nb4 15. Bxb4
Bxb4 16. c4 Qc7 17. d4 c5 18. Rfd1 Qb8 19. Ng5 h6 20. Nh3 cxd4 21. cxd5 Nxe5
22. Qh5 exd5 23. Bf1 Bg4 0-1

[Event "K41 Efterars EMT Basis 2 2006"]
[Site "Valby"]
[Date "2006.10.03"]
[Round "4"]
[White "Mikkelsen, Henning"]
[Black "Krull, Carl"]
[Result "0-1"]
[WhiteElo "1385"]
[BlackElo "1400"]
[PlyCount "54"]
[EventDate "2006.??.??"]

1. d4 Nf6 2. Nc3 Nc6 3. e4 e5 4. Nf3 exd4 5. Nxd4 Nxd4 6. Qxd4 b6 7. Be3 Bb7 8.
f3 a5 9. a3 Bc5 10. Qd2 Be7 11. Bc4 d6 12. Ne2 d5 13. exd5 Nxd5 14. O-O-O c6
15. Ng3 O-O 16. h4 Bxh4 17. Nf5 Bf6 18. g3 b5 19. Bd3 g6 20. Rxh7 Nxe3 21. Qxe3
Re8 22. Qg1 Kxh7 23. Qh2+ Kg8 24. Rh1 gxf5 25. Bxf5 Re5 26. Bh7+ Kf8 27. Rd1
Qe7 0-1

[Event "K41 Efterars EMT Basis 2 2006"]
[Site "Valby"]
[Date "2006.10.10"]
[Round "5"]
[White "Eiholt, Bjarne"]
[Black "Mikkelsen, Henning"]
[Result "1-0"]
[WhiteElo "1365"]
[BlackElo "1385"]
[PlyCount "55"]
[EventDate "2006.??.??"]

1. d4 Nf6 2. c4 d5 3. cxd5 Qxd5 4. Nc3 Qa5 5. Bd2 c6 6. e4 Bg4 7. Qc2 Qb6 8.
Be3 Nbd7 9. Bd3 h6 10. Nge2 e6 11. O-O g5 12. d5 c5 13. h3 Bh5 14. dxe6 Qxe6
15. Nb5 Qe5 16. f4 Qb8 17. fxg5 hxg5 18. Bxg5 Bxe2 19. Qxe2 Nh5 20. Qf2 Ne5 21.
Rad1 a6 22. Bf6 Nxf6 23. Qxf6 Rh6 24. Qf5 Bg7 25. Bc4 Rf6 26. Qh7 Rxf1+ 27.
Rxf1 Kf8 28. Qh5 1-0

[Event "K41 Efterars EMT Basis 2 2006"]
[Site "Valby"]
[Date "2006.10.10"]
[Round "5"]
[White "Lichtenberg, Ivan"]
[Black "Krogh, Soren"]
[Result "1-0"]
[WhiteElo "1204"]
[BlackElo "1230"]
[PlyCount "55"]
[EventDate "2006.??.??"]

1. e4 Nc6 2. Nf3 e5 3. Bb5 a6 4. Ba4 Nf6 5. O-O b5 6. Bb3 Be7 7. Re1 O-O 8. c3
d6 9. h3 Na5 10. Bc2 c5 11. d4 Qc7 12. dxc5 dxc5 13. Bg5 Bb7 14. Nbd2 Rac8 15.
b3 Rfd8 16. Qe2 c4 17. b4 Nc6 18. a4 Rd7 19. axb5 axb5 20. Nh4 g6 21. Qf3 Qd6
22. Rad1 Qe6 23. Qe3 Rcd8 24. Nhf3 Nxb4 25. cxb4 Bxb4 26. Bh4 Bd6 27. Qb6 Bb4
28. Qxe6 1-0

[Event "K41 Efterars EMT Basis 2 2006"]
[Site "Valby"]
[Date "2006.10.24"]
[Round "6"]
[White "Krogh, Soren"]
[Black "Hou, Mads"]
[Result "0-1"]
[WhiteElo "1230"]
[BlackElo "1447"]
[PlyCount "54"]
[EventDate "2006.??.??"]

1. g3 Nf6 2. Bg2 d5 3. Nf3 c6 4. O-O Bf5 5. d3 e6 6. b3 Nbd7 7. Bb2 Qc7 8. Nbd2
Be7 9. Re1 O-O-O 10. a4 e5 11. a5 Bc5 12. Ra2 Ng4 13. e3 f6 14. Nh4 Be6 15. Qa1
g5 16. Nhf3 Bd6 17. a6 b6 18. Nf1 h5 19. h4 gxh4 20. Nxh4 Rdg8 21. c4 dxc4 22.
dxc4 e4 23. Bc3 Nxf2 24. Rxf2 Bxg3 25. Rf4 Bxf4 26. exf4 Qxf4 27. Rxe4 Qxe4 0-1

[Event "K41 Efterars EMT Basis 2 2006"]
[Site "Valby"]
[Date "2006.10.24"]
[Round "6"]
[White "Krull, Carl"]
[Black "Eiholt, Bjarne"]
[Result "0-1"]
[WhiteElo "1400"]
[BlackElo "1365"]
[PlyCount "104"]
[EventDate "2006.??.??"]

1. e4 c6 2. Nf3 d5 3. exd5 cxd5 4. d4 Nc6 5. Bb5 Bg4 6. Nc3 a6 7. Ba4 b5 8. Bb3
e6 9. Be3 Nf6 10. a4 b4 11. Nb1 Na5 12. Nbd2 Be7 13. h3 Bh5 14. Bg5 Ne4 15.
Bxe7 Qxe7 16. g4 Bg6 17. h4 Nxd2 18. Nxd2 h5 19. g5 Rc8 20. Rh3 O-O 21. Rc1 Nc4
22. Bxc4 dxc4 23. c3 Qd6 24. Qf3 e5 25. Ne4 Bxe4 26. Qxe4 exd4 27. Qxd4 Qc6 28.
Kf1 Rcd8 29. Qf4 Rfe8 30. cxb4 Re4 31. Qf5 Rdd4 32. b5 Qb7 33. g6 fxg6 34. Qxg6
Qd7 35. Re3 Rxe3 36. fxe3 Qh3+ 37. Qg2 Qxe3 38. Qg5 Rf4+ 39. Kg2 Rf2+ 40. Kg1
Rf4+ 41. Kh2 Qf2+ 42. Kh1 Rxh4+ 43. Qxh4 Qxh4+ 44. Kg2 Qg5+ 45. Kf3 Qxc1 46.
bxa6 Qxb2 47. a5 Qb8 48. Ke3 Qd8 49. Kf4 c3 50. a7 c2 51. a8=Q c1=Q+ 52. Ke5
Qxa8 0-1

[Event "K41 Efterars EMT Basis 2 2006"]
[Site "Valby"]
[Date "2006.10.24"]
[Round "6"]
[White "Mikkelsen, Henning"]
[Black "Lichtenberg, Ivan"]
[Result "0-1"]
[WhiteElo "1385"]
[BlackElo "1204"]
[PlyCount "56"]
[EventDate "2006.??.??"]

1. d4 Nf6 2. Nc3 d5 3. e4 dxe4 4. f3 exf3 5. Qxf3 c6 6. h3 Qb6 7. Bd3 Qxd4 8.
Be3 Qb4 9. O-O-O g6 10. a3 Qa5 11. g4 Bg7 12. Nge2 O-O 13. Kb1 Nbd7 14. Ng3 Ne5
15. Qe2 b5 16. Bc5 Qc7 17. Nce4 Nxd3 18. Rxd3 Re8 19. Nf2 a5 20. g5 Nd5 21. Qf3
Ba6 22. Rd2 b4 23. a4 Rab8 24. b3 Nc3+ 25. Kc1 Rbd8 26. Nge4 Rxd2 27. Nxd2 Qe5
28. Qxc6 Na2+ 0-1

[Event "K41 Efterars EMT Basis 2 2006"]
[Site "Valby"]
[Date "2006.10.31"]
[Round "7"]
[White "Gjelstrup, Ole"]
[Black "Krogh, Soren"]
[Result "1-0"]
[WhiteElo "1330"]
[BlackElo "1230"]
[PlyCount "49"]
[EventDate "2006.??.??"]

1. d4 d5 2. e4 dxe4 3. Nc3 Nf6 4. f3 e3 5. Bxe3 Bf5 6. Bc4 e6 7. Nge2 Bb4 8.
O-O O-O 9. Bg5 c6 10. Ne4 Nbd7 11. c3 Be7 12. Qe1 Nd5 13. Bd2 Qc7 14. N2g3 Bg6
15. f4 c5 16. f5 cxd4 17. Bxd5 exf5 18. Nxf5 Bf6 19. Nxd4 Qe5 20. Nxf6+ gxf6
21. Qxe5 fxe5 22. Nf5 Rad8 23. Bg5 Rde8 24. Bh6 Bxf5 25. Rxf5 1-0

[Event "K41 Efterars EMT Basis 2 2006"]
[Site "Valby"]
[Date "2006.10.31"]
[Round "7"]
[White "Hou, Mads"]
[Black "Mikkelsen, Henning"]
[Result "1-0"]
[WhiteElo "1447"]
[BlackElo "1385"]
[PlyCount "65"]
[EventDate "2006.??.??"]

1. e4 e5 2. Bc4 Nf6 3. d3 Bc5 4. Ne2 d6 5. O-O Bg4 6. h3 Bh5 7. a4 Nbd7 8. c3
a6 9. b4 Ba7 10. Be3 c5 11. Qd2 O-O 12. Ng3 Bg6 13. Na3 Nb6 14. Bb3 Rc8 15. a5
Nbd7 16. Nc4 Bb8 17. f4 exf4 18. Bxf4 Ne5 19. Nb6 Rc6 20. Bg5 Qe8 21. Bxf6 gxf6
22. Nd5 Qd8 23. Rxf6 c4 24. dxc4 Nxc4 25. Qf4 Ba7+ 26. Kh2 Ne5 27. Rf1 Kg7 28.
Nf5+ Kh8 29. Nfe7 Nd3 30. Nxg6+ hxg6 31. Qh6+ Kg8 32. Rxg6+ fxg6 33. Ne7# 1-0

[Event "K41 Efterars EMT Basis 2 2006"]
[Site "Valby"]
[Date "2006.10.31"]
[Round "7"]
[White "Lichtenberg, Ivan"]
[Black "Krull, Carl"]
[Result "0-1"]
[WhiteElo "1204"]
[BlackElo "1400"]
[PlyCount "46"]
[EventDate "2006.??.??"]

1. e4 e5 2. Nf3 Nc6 3. Bb5 a6 4. Ba4 Bc5 5. c3 Nf6 6. O-O d6 7. d4 exd4 8. cxd4
Ba7 9. Bg5 b5 10. Bc2 Bg4 11. h3 Bxf3 12. Qxf3 Bxd4 13. Nc3 Ne5 14. Qg3 h6 15.
Bxf6 Qxf6 16. Nd5 Qd8 17. Kh1 Ng6 18. f4 c6 19. Rae1 cxd5 20. exd5+ Ne7 21. f5
Bf6 22. Rxe7+ Qxe7 23. Re1 Be5 0-1